000 01215cam a2200253 4500
001 ABS66618
008 030501n2003 000 0 eng u
035 _a(Sirsi) u122161
100 _aMurdoch, S.
245 _aToo quick off the mark
260 _c2003
490 _aEstates Gazette
_v(0311) 15 March 2003, 151(1)
520 _aArticle considers the implications of the ruling in the case "Go West Ltd v Spigarolo" ([2003] EWCA Civ17, Abs66452) which raised two important points. First, a landlord's response to a tenant's application for a licence to assign necessarily bringing to an end the reasonable time allowed by the Landlord and Tenant Act 1988, and second, continuing negotiations preclude the tenant from seeking damages under the Act only where there is clear evidence of waiver.
590 _aABS
650 _aGO WEST LTD V SPIGAROLO AND ANOTHER
650 _aNORWICH UNION LIFE INSURANCE SOCIETY V SHOPMOOR LTD
650 _aFOOTWEAR CORPORATION LTD V AMPLIGHT PROPERTIES LTD
650 _aLANDLORD AND TENANT ACT 1988
650 _aLICENCES TO ASSIGN
650 _aREASONABLE TIME
650 _aCOMMERCIAL LEASES
690 _aLANDLORD AND TENANT-LEASES-CASE LAW
942 _n0
999 _c72602
_d72602